000 01113naa a22002897a 4500
001 BR8802616
003 BR-BrBNA
005 20250721154607.0
007 ta
008 250630b bl.|||m| |||| 00| 0 por d
040 _aBR-BrBNA
_bpor
_cBiblioteca Nacional de Agricultura
041 _a(Pt)
072 _aP34
_b0336
_b3820
090 _aP34 BR8802616
100 1 _aRuschel, A.P.
100 1 _aFreitas, J.R.
111 1 _a3. Seminario Nacional de Pesquisa de Soja
_cCampinas, SP (Brazil)
_d20-24 Feb 1984
245 1 _aPotencial de fixacao biologica de nitrogenio em soja
500 _aAnais do 3. Seminario Nacional de Pesquisa de Soja Londrina, PR (Brasil): 1984. p. 815-826 [Summaries (En, Pt); 14 ref.] (BR8802616-AMS)
773 0 _tAnais do 3. Seminario Nacional de Pesquisa de Soja
_wP34 BR8802616
_gLondrina, PR (Brasil), 1984. p. 815-826
650 _aSOJA
650 _aNITROGENIO
650 _aFIXACAO SIMBIOTICA DE NITROGENIO
490 _aDocumentos - Centro Nacional de Pesquisa de Soja (Brazil)
_vno. 7
_xISSN 0101-5494
942 _cAMS
_2AGRIS
909 _a202506
_bLúcia
_c55
_dLúcia Elande
999 _c335905
_d335905